Materials: Engineering, science, processing and design (Record no. 157982)

MARC details
000 -LEADER
fixed length control field 00384nam a2200145Ia 4500
008 - FIXED-LENGTH DATA ELEMENTS--GENERAL INFORMATION
fixed length control field 230917s9999||||xx |||||||||||||| ||und||
040 ## - CATALOGING SOURCE
-- 200425
Original cataloging agency VIVEKANANDA LIBRARY
041 ## - Language
-- English
082 ## - DDC NUMBER
Classification number 620.11 A32M
100 ## - MAIN ENTRY--PERSONAL NAME
Personal name Ashby, Michael F
245 #0 - TITLE STATEMENT
Title Materials: Engineering, science, processing and design
260 ## - PUBLICATION, DISTRIBUTION, ETC. (IMPRINT)
Place of publication, distribution, etc Noida
Name of publisher, distributor, etc Elsevier India
Date of publication, distribution, etc 2007
300 ## - PHYSICAL DESCRIPTION
Pages x, 514 p.
942 ## - ADDED ENTRY ELEMENTS (KOHA)
Koha item type Books
Holdings
Withdrawn status Lost status Damaged status Not for loan Location (home branch) Sublocation or collection (holding branch) Shelving location Date acquired Koha issues (times borrowed) Koha full call number Accession No. Koha date last seen Koha item type
        VIVEKANANDA LIBRARY VIVEKANANDA LIBRARY UIET Library 06/07/2012   620.11 A32M 289807 17/09/2023 Books
© Designed and Maintained by Vivekananda Library, MDU Rohtak